Influecing consultative group meetings of the World Bank : (Record no. 110105)

MARC details
000 -LEADER
campo de control de longitud fija 00457nam a2200157 4500
001 - NÚMERO DE CONTROL
campo de control 136
005 - FECHA Y HORA DE LA ÚLTIMA TRANSACCIÓN
campo de control 20230411085949.0
008 - DATOS DE LONGITUD FIJA--INFORMACIÓN GENERAL
campo de control de longitud fija 060907n1996 dr spa
035 ## - NÚMERO DE CONTROL DEL SISTEMA
-- funglode136
041 ## - CÓDIGO DE IDIOMA
Código de lengua del texto/banda sonora o título independiente En
100 ## - ENTRADA PRINCIPAL--NOMBRE DE PERSONA
Nombre de persona Ruthrauff, John
245 1# - MENCIÓN DEL TÍTULO
Título Influecing consultative group meetings of the World Bank :
Resto del título Guatemala /
Mención de responsabilidad, etc. John Ruthrauff
260 ## - PUBLICACIÓN, DISTRIBUCIÓN, ETC.
Lugar de publicación, distribución, etc. Maryland :
Nombre del editor, distribuidor, etc. Center for Democratic Education,
Fecha de publicación, distribución, etc. 1996
300 ## - DESCRIPCIÓN FÍSICA
Extensión 23 p.
942 ## - ELEMENTOS DE ENTRADA SECUNDARIOS (KOHA)
Fuente del sistema de clasificación o colocación Clasificación de Library of Congress
Tipo de ítem Koha
Holdings
Estatus retirado Estado de pérdida Fuente del sistema de clasificación o colocación Estado de daño No para préstamo Colección Biblioteca de origen Biblioteca actual Ubicación en estantería Fecha de adquisición Código de barras Visto por última vez Copia número Tipo de ítem Koha
    Clasificación de Library of Congress     Automatización y Procesos Técnicos Biblioteca Juan Bosch Biblioteca Juan Bosch Automatización y Procesos Técnicos (1er. Piso) 17/02/2019 00020010136 17/02/2019 1